000 00761cam a2200205 4500
005 20160128123141.0
008 160128b mx ||||| |||| 00| 0 spa d
020 _a9684442076
050 0 4 _aD208
_bL67 1996
100 1 _aLópez-Cordón Cortezo, María Victoria
245 1 0 _aLeer historia :
_banálisis y comentarios de textos históricos, edad moderna y edad contemporánea /
_cMaría Victoria López-Cordón Cortezo, José Urbano Martínez Carreras.
250 _a1a ed.
260 _aMéxico :
_bAlhambra Mexicana,
_c1996
300 _a446 p. ;
_c23 cm.
504 _aBibliografía: p. 411-446
650 7 _2LEMB
_aHistoria Moderna
650 7 _2LEMB
_aHistoria Contemporánea
700 1 _aMartínez Carreras, José Urbano,
_ecoaut.
942 _2lcc
_cLIB
999 _c57884
_d57884